|
|
|
|
| LEADER |
00000nam a2200000 a 4500 |
| 001 |
vtls001330984 |
| 003 |
SK-MaSNL |
| 005 |
20260301160225.0 |
| 008 |
180813s1966 xo 0 slo |
| 035 |
|
|
|a SNK000283859
|
| 040 |
|
|
|a SNK
|b slo
|c SNK
|e AACR2
|
| 041 |
0 |
|
|a slo
|
| 044 |
|
|
|a xo
|c SK
|
| 080 |
|
|
|a 629.12.01(082)
|2 1981
|
| 245 |
1 |
|
|a Uloženie strojov a chvenie lodí
|b sborník referátov prednesených na konferencii, Komárno Dom odborov - sídlisko II 24.-25.2 1966
|
| 260 |
|
|
|a Komárno
|b ČSVTS
|c 1966
|
| 300 |
|
|
|a 94 s.
|c 30 cm
|
| 500 |
|
|
|a Čiast. text čes.
|
| 650 |
0 |
7 |
|a lode
|2 SNK
|9 28713
|
| 958 |
|
|
|a OND
|
| 999 |
|
|
|c 804549
|d 806479
|
| 952 |
|
|
|t P60, <03>, [BOOK], {603}
|a SNK
|b SNK
|y PREZ
|7 0
|p 17A0103005
|o snkSB 58919
|i snkD 887/98
|0 0
|1 0
|4 0
|d 1998-05-13
|f 1
|l 0
|r 2017-06-30 00:00:00
|w 2026-02-24
|